Lessons from the Oklahoma City bombing : (Record no. 550029)
[ view plain ]
| 000 -LEADER | |
|---|---|
| fixed length control field | 00720cam a2200193 a 4500 |
| 020 ## - INTERNATIONAL STANDARD BOOK NUMBER | |
| International Standard Book Number | 0784402175 |
| 082 00 - DEWEY DECIMAL CLASSIFICATION NUMBER | |
| Classification number | 693.854 |
| Author Mark | HIN |
| -- | L-39, P-193 |
| 100 1# - MAIN ENTRY--PERSONAL NAME | |
| Personal name | Hinman, Eve E. |
| 9 (RLIN) | 46792 |
| 245 10 - TITLE STATEMENT | |
| Title | Lessons from the Oklahoma City bombing : |
| Remainder of title | defensive design techniques / |
| Statement of responsibility, etc. | Eve E. Hinman & David J. Hammond. |
| 260 ## - PUBLICATION, DISTRIBUTION, ETC. | |
| Place of publication, distribution, etc. | New York, N.Y. : |
| Name of publisher, distributor, etc. | ASCE Press, |
| Date of publication, distribution, etc. | c1997. |
| 300 ## - PHYSICAL DESCRIPTION | |
| Extent | xi, 48 p. : |
| Other physical details | ill. (some col.) ; |
| Dimensions | 28 cm. |
| 526 ## - STUDY PROGRAM INFORMATION NOTE | |
| Program name | 0 |
| Interest level | 0 |
| Reading level | 0 |
| Title point value | 693_854000000000000_HIN |
| 650 #0 - SUBJECT ADDED ENTRY--TOPICAL TERM | |
| Topical term or geographic name entry element | Building, Bombproof. |
| 9 (RLIN) | 13123 |
| 650 #0 - SUBJECT ADDED ENTRY--TOPICAL TERM | |
| Topical term or geographic name entry element | Buildings |
| General subdivision | Blast effects. |
| 9 (RLIN) | 13124 |
| 650 #0 - SUBJECT ADDED ENTRY--TOPICAL TERM | |
| Topical term or geographic name entry element | MCE |
| 9 (RLIN) | 379 |
| 650 #0 - SUBJECT ADDED ENTRY--TOPICAL TERM | |
| Topical term or geographic name entry element | Oklahoma City Federal Building Bombing, Oklahoma City, Okla., 1995. |
| 9 (RLIN) | 46793 |
| 700 1# - ADDED ENTRY--PERSONAL NAME | |
| Personal name | Hammond, David J. |
| 9 (RLIN) | 46794 |
| 942 ## - ADDED ENTRY ELEMENTS (KOHA) | |
| Source of classification or shelving scheme | |
| Koha item type | Book |
| Withdrawn status | Lost status | Source of classification or shelving scheme | Damaged status | Not for loan | Permanent Location | Current Location | Date acquired | Total Checkouts | Full call number | Barcode | Date last seen | Price effective from | Koha item type |
|---|---|---|---|---|---|---|---|---|---|---|---|---|---|
| Military College of Engineering (MCE) | Military College of Engineering (MCE) | 10/20/2014 | 693.854 HIN | MCE-43549 | 10/20/2014 | 10/20/2014 | Book |
